[Event "Stuttgart-chA int"]
[Site "Ditzingen"]
[Date "2010.05.14"]
[Round "4"]
[White "Baerner, Helmut"]
[Black "Sieker, Roland"]
[Result "1/2-1/2"]
[WhiteElo "2126"]
[BlackElo "2050"]
[PlyCount "30"]
[EventDate "2010.05.13"]
[EventType "swiss"]
[EventRounds "7"]
[EventCountry "GER"]
[SourceTitle "EXT 2018"]
[Source "ChessBase"]
[SourceDate "2017.10.13"]
[SourceVersion "1"]
[SourceVersionDate "2017.10.13"]
[SourceQuality "1"]

1. d4 e5 2. dxe5 Nc6 3. Nf3 Qe7 4. Bd2 Nxe5 5. Nxe5 Qxe5 6. Bc3 Qe6 7. e3 Nf6 8. Bd3 d5 9. 0-0 Bd6 10. Nd2 Ne4 11. Nxe4 dxe4 12. Be2 Bd7 13. Qd4 Qg6 14. Rfd1 0-0 15. Qd5 Bc6 1/2-1/2

[Event "Stuttgart-chA int"]
[Site "Ditzingen"]
[Date "2010.05.14"]
[Round "3"]
[White "Sieker, Roland"]
[Black "Montigel, Philipp"]
[Result "1/2-1/2"]
[WhiteElo "2050"]
[BlackElo "2162"]
[PlyCount "69"]
[EventDate "2010.05.13"]
[EventType "swiss"]
[EventRounds "7"]
[EventCountry "GER"]
[SourceTitle "EXT 2018"]
[Source "ChessBase"]
[SourceDate "2017.10.13"]
[SourceVersion "1"]
[SourceVersionDate "2017.10.13"]
[SourceQuality "1"]

1. e4 e5 2. Nf3 Nc6 3. Bc4 Bc5 4. c3 Nf6 5. d3 a6 6. 0-0 0-0 7. a4 d6 8. Bg5 h6 9. Bh4 Be6 10. Nbd2 g5 11. Bg3 Nh5 12. Nxe5 Nxg3 13. Nxc6 bxc6 14. hxg3 d5 15. Ba2 a5 16. d4 Be7 17. Qh5 Kg7 18. Rae1 Qd7 19. Qe2 Rab8 20. b3 Rfe8 21. e5 f6 22. Bb1 fxe5 23. dxe5 Rf8 24. Bc2 c5 25. f4 Rb6 26. fxg5 Rxf1+ 27. Rxf1 Bxg5 28. Nf3 Bf7 29. Nh4 d4 30. Qd3 Bxh4 31. Qh7+ Kf8 32. gxh4 dxc3 33. Bg6 Rxg6 34. Qxg6 Qd4+ 35. Kh1 1/2-1/2

[Event "GER-ch U25 op"]
[Site "Willingen"]
[Date "2008.05.15"]
[Round "7"]
[White "Coenen, Michael"]
[Black "Sieker, Roland"]
[Result "1-0"]
[WhiteElo "2174"]
[BlackElo "2047"]
[PlyCount "73"]
[EventDate "2008.05.11"]
[EventType "swiss"]
[EventRounds "9"]
[EventCountry "GER"]
[SourceTitle "CBM 124 Extra"]
[Source "ChessBase"]
[SourceDate "2008.07.03"]
[SourceVersion "1"]
[SourceVersionDate "2008.07.03"]
[SourceQuality "1"]

1. d4 e5 2. dxe5 Nc6 3. Nf3 Qe7 4. Qd5 b6 5. c3 h6 6. b3 Bb7 7. Ba3 Qe6 8. Qxe6+ dxe6 9. Bxf8 Kxf8 10. e3 g5 11. h3 Rd8 12. Na3 Nge7 13. Nb5 Ng6 14. Nxc7 Ncxe5 15. Nxe5 Nxe5 16. Nb5 a6 17. Nd4 Ke7 18. 0-0-0 b5 19. Rg1 Rc8 20. Kb2 Rc7 21. f4 Nd7 22. Be2 Rhc8 23. Rc1 Nb6 24. fxg5 hxg5 25. Bf3 Bxf3 26. Nxf3 Nd5 27. Nxg5 Nxe3 28. g4 Nd5 29. Rg3 b4 30. c4 Nc3 31. Re3 Rh8 32. Rf1 Ke8 33. Ref3 Rd7 34. Kc2 Ne2 35. Rxf7 Nd4+ 36. Kd3 Rxf7 37. Nxf7 1-0

[Event "GER-ch U25 op"]
[Site "Willingen"]
[Date "2008.05.11"]
[Round "2"]
[White "Sieker, Roland"]
[Black "Laqua, Stefan"]
[Result "1-0"]
[WhiteElo "2047"]
[BlackElo "1684"]
[PlyCount "49"]
[EventDate "2008.05.11"]
[EventType "swiss"]
[EventRounds "9"]
[EventCountry "GER"]
[SourceTitle "CBM 124 Extra"]
[Source "ChessBase"]
[SourceDate "2008.07.03"]
[SourceVersion "1"]
[SourceVersionDate "2008.07.03"]
[SourceQuality "1"]

1. e4 e6 2. d3 d5 3. Nd2 c5 4. Be2 Nc6 5. c3 Bd6 6. Ngf3 Qb6 7. 0-0 Nge7 8. Re1 0-0 9. Qb3 Qc7 10. Nf1 d4 11. N1d2 Ng6 12. Nc4 Nge5 13. cxd4 Nxf3+ 14. Bxf3 Nxd4 15. Qd1 Bxh2+ 16. Kh1 Be5 17. g3 Nxf3 18. Qxf3 Rd8 19. Bd2 Bd4 20. Kg2 b6 21. Rh1 f5 22. Bg5 Rf8 23. Rxh7 fxe4 24. Qh5 Rxf2+ 25. Kh1 1-0

[Event "GER-ch U25"]
[Site "Willingen"]
[Date "2007.05.29"]
[Round "6"]
[White "Sieker, Roland"]
[Black "Tiemann, Christoph"]
[Result "1/2-1/2"]
[WhiteElo "2014"]
[BlackElo "1902"]
[PlyCount "49"]
[EventDate "2007.05.26"]
[EventType "swiss"]
[EventRounds "9"]
[EventCountry "GER"]
[SourceTitle "CBM 118 Extra"]
[Source "ChessBase"]
[SourceDate "2007.07.04"]
[SourceVersion "1"]
[SourceVersionDate "2007.07.04"]
[SourceQuality "1"]

1. f4 d5 2. Nf3 Nf6 3. e3 Bg4 4. b3 e6 5. Bb2 Nbd7 6. Be2 Bd6 7. 0-0 c6 8. Ne5 Bxe2 9. Qxe2 Qc7 10. d4 Ne4 11. Nd2 Nxd2 12. Qxd2 Nf6 13. Nf3 Ne4 14. Qe2 f5 15. c4 0-0 16. a4 g5 17. c5 Be7 18. g3 g4 19. Nd2 Nxd2 20. Qxd2 Rf6 21. Qe2 Rh6 22. b4 Rh3 23. Bc3 h5 24. Rf2 Kf7 25. Rg2 1/2-1/2

[Event "GER-ch U25"]
[Site "Willingen"]
[Date "2007.05.28"]
[Round "3"]
[White "Sieker, Roland"]
[Black "Glaesser, Tim"]
[Result "1/2-1/2"]
[WhiteElo "2014"]
[BlackElo "1569"]
[PlyCount "65"]
[EventDate "2007.05.26"]
[EventType "swiss"]
[EventRounds "9"]
[EventCountry "GER"]
[SourceTitle "CBM 118 Extra"]
[Source "ChessBase"]
[SourceDate "2007.07.04"]
[SourceVersion "1"]
[SourceVersionDate "2007.07.04"]
[SourceQuality "1"]

1. e4 e5 2. Nf3 Nc6 3. Bc4 Bc5 4. c3 Nf6 5. d3 d6 6. 0-0 0-0 7. Nbd2 a6 8. a4 Ne7 9. Re1 Ng6 10. Nf1 Bg4 11. h3 Bd7 12. Ng3 Kh8 13. Bg5 h6 14. Be3 Bxe3 15. fxe3 Nh7 16. Rf1 Qe7 17. Qe1 Be6 18. Nf5 Qd7 19. Bxe6 fxe6 20. N5h4 Nxh4 21. Nxh4 Rxf1+ 22. Qxf1 g5 23. Nf3 Rf8 24. Qe2 Nf6 25. d4 Nxe4 26. Qc2 Qc6 27. dxe5 d5 28. Nd4 Qe8 29. Rf1 Rxf1+ 30. Kxf1 Qf7+ 31. Kg1 Kg7 32. Qe2 c5 33. Nf3 1/2-1/2

[Event "GER-ch U25"]
[Site "Willingen"]
[Date "2007.05.28"]
[Round "4"]
[White "Tiemann, Tobias"]
[Black "Sieker, Roland"]
[Result "0-1"]
[WhiteElo "1585"]
[BlackElo "2014"]
[PlyCount "94"]
[EventDate "2007.05.26"]
[EventType "swiss"]
[EventRounds "9"]
[EventCountry "GER"]
[SourceTitle "CBM 118 Extra"]
[Source "ChessBase"]
[SourceDate "2007.07.04"]
[SourceVersion "1"]
[SourceVersionDate "2007.07.04"]
[SourceQuality "1"]

1. d4 e5 2. dxe5 Nc6 3. Nf3 Qe7 4. Bf4 Qb4+ 5. Bd2 Qxb2 6. Nc3 Bb4 7. Rb1 Qa3 8. Nd5 Ba5 9. Bxa5 Qxa5+ 10. c3 a6 11. e4 Nge7 12. Qb3 0-0 13. Nxe7+ Nxe7 14. Bc4 h6 15. 0-0 Ng6 16. Rbd1 c6 17. Rfe1 Nxe5 18. Nxe5 Qxe5 19. Re3 b5 20. Be2 d6 21. Qa3 c5 22. Bxb5 axb5 23. Qxa8 Bg4 24. Qd5 Bxd1 25. Qxd1 Ra8 26. Qd2 Qe6 27. Re2 Qc4 28. Qb2 Ra4 29. f3 Qd3 30. Qd2 Qc4 31. Qb2 b4 32. cxb4 Rxb4 33. Qd2 Rb6 34. Kf2 Qb5 35. Qc3 Qb4 36. Qxb4 Rxb4 37. Rc2 Ra4 38. Ke3 Kf8 39. Ke2 Ke7 40. Kd3 Ke6 41. Ke2 f5 42. exf5+ Kxf5 43. Rd2 Ke5 44. g3 d5 45. h4 d4 46. Rc2 Kd5 47. Kd1 d3 0-1

[Event "Stuttgart-chA int"]
[Site "Gerlingen"]
[Date "2007.05.19"]
[Round "6"]
[White "Sieker, Roland"]
[Black "Pollmann, Sascha"]
[Result "1/2-1/2"]
[WhiteElo "2014"]
[BlackElo "2105"]
[PlyCount "40"]
[EventDate "2007.05.17"]
[EventType "swiss"]
[EventRounds "7"]
[EventCountry "GER"]
[SourceTitle "EXT 2018"]
[Source "ChessBase"]
[SourceDate "2017.10.13"]
[SourceVersion "1"]
[SourceVersionDate "2017.10.13"]
[SourceQuality "1"]

1. e4 e6 2. d3 d5 3. Nd2 c5 4. c3 Nc6 5. Ngf3 Nf6 6. Be2 Be7 7. 0-0 0-0 8. Re1 Qc7 9. Qc2 b6 10. Nf1 Ba6 11. Bg5 dxe4 12. dxe4 Bxe2 13. Qxe2 Nd7 14. Bxe7 Nxe7 15. Rad1 Rfd8 16. Rd2 Nf8 17. Red1 Nfg6 18. g3 Rxd2 19. Rxd2 Rd8 20. Ne3 h6 1/2-1/2

[Event "Stuttgart-chA int"]
[Site "Gerlingen"]
[Date "2007.05.18"]
[Round "3"]
[White "Fahnenschmidt, Gerhard"]
[Black "Sieker, Roland"]
[Result "0-1"]
[WhiteElo "2134"]
[BlackElo "2014"]
[PlyCount "104"]
[EventDate "2007.05.17"]
[EventType "swiss"]
[EventRounds "7"]
[EventCountry "GER"]
[SourceTitle "EXT 2018"]
[Source "ChessBase"]
[SourceDate "2017.10.13"]
[SourceVersion "1"]
[SourceVersionDate "2017.10.13"]
[SourceQuality "1"]

1. c4 Nf6 2. Nc3 g6 3. e4 d6 4. d4 Bg7 5. Bd3 0-0 6. Nge2 e5 7. 0-0 exd4 8. Nxd4 Nc6 9. Nxc6 bxc6 10. Bg5 Qe8 11. Qd2 Nd7 12. Bh6 Nc5 13. Bc2 Be6 14. Bxg7 Kxg7 15. Rae1 f6 16. b3 Qf7 17. Re3 a5 18. f4 f5 19. e5 d5 20. cxd5 cxd5 21. Rd1 Rfd8 22. Nb5 Ne4 23. Bxe4 fxe4 24. Rc3 Rd7 25. Rdc1 Rc8 26. Nd6 cxd6 27. Rxc8 dxe5 28. fxe5 d4 29. Qxa5 d3 30. R8c7 d2 31. Qxd2 Rxd2 32. Rxf7+ Kxf7 33. Rc7+ Ke8 34. Kf1 Rxa2 35. Rc3 Ra3 36. Re3 Bd5 37. Kf2 Rxb3 38. Re2 Ke7 39. Rc2 Ke6 40. Rc7 Rb7 41. Rc8 Kxe5 42. h4 Kd4 43. Rc2 e3+ 44. Ke2 Bc4+ 45. Kf3 Kd3 46. Rc1 Rf7+ 47. Kg3 e2 48. h5 gxh5 49. Kh4 Rf1 50. Rxf1 exf1Q 51. g3 Qg2 52. Kxh5 Qxg3 0-1

[Event "Stuttgart-chA int"]
[Site "Gerlingen"]
[Date "2007.05.18"]
[Round "4"]
[White "Sieker, Roland"]
[Black "Bader, Gerd"]
[Result "1/2-1/2"]
[WhiteElo "2014"]
[BlackElo "2133"]
[PlyCount "66"]
[EventDate "2007.05.17"]
[EventType "swiss"]
[EventRounds "7"]
[EventCountry "GER"]
[SourceTitle "EXT 2018"]
[Source "ChessBase"]
[SourceDate "2017.10.13"]
[SourceVersion "1"]
[SourceVersionDate "2017.10.13"]
[SourceQuality "1"]

1. e4 d6 2. d4 Nf6 3. Nc3 Nbd7 4. Nf3 e5 5. Bc4 Be7 6. 0-0 0-0 7. Bg5 c6 8. Re1 h6 9. dxe5 dxe5 10. Bh4 Nh5 11. Bxe7 Qxe7 12. Qd2 Nb6 13. Bb3 Bg4 14. Qe3 Qf6 15. Nd2 Be6 16. Rad1 Nf4 17. Ne2 Nxe2+ 18. Qxe2 Rad8 19. Nf1 Bxb3 20. axb3 g6 21. Ne3 h5 22. Nc4 Nxc4 23. Qxc4 Rxd1 24. Rxd1 Rd8 25. Qe2 Rd6 26. g3 Qd8 27. Rxd6 Qxd6 28. h4 Qd4 29. c3 Qd6 30. b4 Kg7 31. Kg2 Kf8 32. Qe3 b6 33. Qe2 Ke7 1/2-1/2

[Event "GER-ch op U25"]
[Site "Willingen"]
[Date "2006.06.04"]
[Round "1"]
[White "Kabitzke, Julian"]
[Black "Sieker, Roland"]
[Result "1-0"]
[WhiteElo "1363"]
[BlackElo "1984"]
[PlyCount "100"]
[EventDate "2006.06.04"]
[EventType "swiss"]
[EventRounds "9"]
[EventCountry "GER"]
[SourceTitle "EXT 2007"]
[Source "ChessBase"]
[SourceDate "2006.11.23"]
[SourceVersion "1"]
[SourceVersionDate "2006.11.23"]
[SourceQuality "1"]

1. d4 e5 2. dxe5 Nc6 3. Nf3 Qe7 4. Bf4 Qb4+ 5. Bd2 Qxb2 6. Nc3 Bb4 7. Rb1 Qa3 8. Nb5 Qa5 9. Nxc7+ Qxc7 10. Bxb4 Nxb4 11. Rxb4 Qc3+ 12. Qd2 Qa1+ 13. Qd1 Qxa2 14. e3 Ne7 15. Bd3 Nc6 16. Rf4 Nxe5 17. Nxe5 Qa5+ 18. Ke2 0-0 19. Bxh7+ Kxh7 20. Qd3+ Kg8 21. Rh4 f5 22. Qb3+ d5 23. Ra1 Qc5 24. Ng6 Rf6 25. Rh8+ Kf7 26. Ne5+ Ke7 27. Rg8 Rb6 28. Qa3 Qxa3 29. Rxa3 a5 30. Rc3 a4 31. Ra3 Re6 32. f4 b5 33. c3 Kf6 34. Rf8+ Ke7 35. Rf7+ Kd6 36. Rxg7 Ba6 37. Kd2 Kc5 38. h4 Kb6 39. Rg6 Rxg6 40. Nxg6 Rg8 41. h5 Ka5 42. Kc2 b4 43. cxb4+ Kxb4 44. Ra1 a3 45. Rb1+ Ka4 46. Rb6 Rc8+ 47. Kd2 Bb5 48. Rb7 Ra8 49. Kc2 Bd3+ 50. Kc3 Ra5 1-0

[Event "GER-ch op U25"]
[Site "Willingen"]
[Date "2006.06.04"]
[Round "3"]
[White "Tiemann, Christoph"]
[Black "Sieker, Roland"]
[Result "1/2-1/2"]
[WhiteElo "1536"]
[BlackElo "1984"]
[PlyCount "54"]
[EventDate "2006.06.04"]
[EventType "swiss"]
[EventRounds "9"]
[EventCountry "GER"]
[SourceTitle "EXT 2007"]
[Source "ChessBase"]
[SourceDate "2006.11.23"]
[SourceVersion "1"]
[SourceVersionDate "2006.11.23"]
[SourceQuality "1"]

1. e4 c5 2. Nf3 d6 3. d4 cxd4 4. Nxd4 Nf6 5. Nc3 Nc6 6. Be2 e6 7. Be3 Be7 8. 0-0 e5 9. Nb3 Be6 10. f4 a6 11. f5 Bd7 12. a3 Rc8 13. Qd3 Na5 14. Nxa5 Qxa5 15. Kh1 Bc6 16. Rf3 d5 17. exd5 Nxd5 18. Rg3 Nxc3 19. bxc3 Rd8 20. Qc4 Bb5 21. Qg4 Bxe2 22. Qxe2 Qxc3 23. Rb1 Bf6 24. Rxb7 Qa1+ 25. Bg1 Rd1 26. Rb8+ Rd8 27. Rxd8+ Bxd8 1/2-1/2

[Event "GER-ch U25"]
[Site "Willingen"]
[Date "2005.05.19"]
[Round "8"]
[White "Sonntag, Hermann"]
[Black "Sieker, Roland"]
[Result "0-1"]
[WhiteElo "2016"]
[BlackElo "1895"]
[PlyCount "108"]
[EventDate "2005.05.14"]
[EventType "swiss"]
[EventRounds "9"]
[EventCountry "GER"]
[SourceTitle "CBM 106 Extra"]
[Source "ChessBase"]
[SourceDate "2005.07.01"]
[SourceVersion "1"]
[SourceVersionDate "2005.07.01"]
[SourceQuality "1"]

1. f4 d5 2. b3 Bg4 3. Bb2 e6 4. g3 c5 5. Bg2 Nc6 6. Nf3 Nf6 7. 0-0 Be7 8. d3 d4 9. c4 0-0 10. Nbd2 Qc7 11. Ne4 Rad8 12. Qd2 Bf5 13. Nfg5 Ng4 14. Rf3 Ne3 15. Rxe3 dxe3 16. Qxe3 h6 17. Nf3 Nb4 18. Ne1 b6 19. a3 Nc6 20. Nf3 Bxe4 21. Qxe4 Nd4 22. Nxd4 cxd4 23. Rf1 Qd6 24. Bc1 f5 25. Qf3 Qd7 26. g4 g6 27. Qg3 Kh7 28. g5 h5 29. Rf3 b5 30. Qf2 Kg7 31. Bb2 Kf7 32. e4 dxe3 33. Qxe3 bxc4 34. dxc4 Qd6 35. Qxa7 Qc5+ 36. Qxc5 Bxc5+ 37. Kf1 Rd1+ 38. Ke2 Rfd8 39. Bc3 Bxa3 40. Ba5 R8d7 41. Rf1 Rxf1 42. Bxf1 Rb7 43. b4 Bxb4 44. Bg2 Rb8 45. Bxb4 Rxb4 46. Kd3 Rb2 47. Ba8 Rxh2 48. c5 Ke7 49. Kc4 Rf2 50. Kb5 Kd7 51. Bc6+ Kc7 52. Be8 h4 53. Bxg6 h3 54. Bf7 h2 0-1

[Event "Wuerttemberg-ch U18"]
[Site "Lindau"]
[Date "2002.04.06"]
[Round "7"]
[White "Sieker, Roland"]
[Black "Ludwig, Sebastian"]
[Result "1/2-1/2"]
[WhiteElo "1788"]
[BlackElo "1712"]
[PlyCount "108"]
[EventDate "2002.04.??"]
[EventType "swiss"]
[EventRounds "7"]
[EventCountry "GER"]
[SourceTitle "EXT 2003"]
[Source "ChessBase"]
[SourceDate "2002.11.25"]
[SourceVersion "1"]
[SourceVersionDate "2002.11.25"]
[SourceQuality "1"]

1. e4 e6 2. d3 c5 3. Be2 Nc6 4. c3 d6 5. f4 Nf6 6. Nf3 Be7 7. 0-0 0-0 8. Re1 Qc7 9. Nbd2 Rd8 10. Nf1 b6 11. Ng3 d5 12. e5 Nd7 13. d4 Nf8 14. Bd3 cxd4 15. cxd4 Nb4 16. Bb1 Ba6 17. a3 Nc6 18. Be3 Rac8 19. f5 Qd7 20. Bg5 Nxd4 21. f6 Nxf3+ 22. Qxf3 Bc5+ 23. Kh1 Ng6 24. fxg7 Be7 25. Qh5 Rc7 26. h4 Bxg5 27. hxg5 Qa4 28. b4 Qb3 29. Qh2 Qc4 30. Be4 f5 31. Nh5 Rf7 32. Re3 Qd4 33. Rae1 dxe4 34. Nf6+ Rxf6 35. exf6 Qxe3 36. Rxe3 Rd1+ 37. Qg1 Rxg1+ 38. Kxg1 Bd3 39. Re1 Ne5 40. Kf2 Nc4 41. Rh1 e3+ 42. Kf3 Be4+ 43. Ke2 f4 44. Rd1 Bd5 45. Rd4 Nd6 46. Rxf4 e5 47. Rh4 Bc4+ 48. Ke1 Bd3 49. Rh3 Nf5 50. g6 h6 51. Rf3 Be4 52. Rf1 Bd3 53. Rf3 Be4 54. Rf1 Bd3 1/2-1/2

[Event "Wuerttemberg-ch U18"]
[Site "Lindau"]
[Date "2002.04.04"]
[Round "4"]
[White "Britsch, Benjamin"]
[Black "Sieker, Roland"]
[Result "0-1"]
[WhiteElo "1593"]
[BlackElo "1788"]
[PlyCount "70"]
[EventDate "2002.04.??"]
[EventType "swiss"]
[EventRounds "7"]
[EventCountry "GER"]
[SourceTitle "EXT 2003"]
[Source "ChessBase"]
[SourceDate "2002.11.25"]
[SourceVersion "1"]
[SourceVersionDate "2002.11.25"]
[SourceQuality "1"]

1. Nf3 Nf6 2. g3 d6 3. Bg2 c6 4. 0-0 e5 5. d3 Be7 6. Nc3 h6 7. e4 Be6 8. h3 0-0 9. Nh2 d5 10. exd5 Nxd5 11. Nxd5 Bxd5 12. Be3 Nd7 13. c3 Nf6 14. Ng4 Bxg2 15. Kxg2 Nxg4 16. Qxg4 f5 17. Qc4+ Qd5+ 18. Qxd5+ cxd5 19. d4 e4 20. Rac1 b5 21. b3 Rac8 22. Rc2 Rc6 23. Bc1 Rfc8 24. Bb2 g5 25. Ra1 Bb4 26. a3 Ba5 27. Kf1 g4 28. hxg4 fxg4 29. a4 b4 30. c4 dxc4 31. Rxc4 Rxc4 32. bxc4 Rxc4 33. Re1 b3 34. Rxe4 Rc2 35. Ba1 b2 0-1

[Event "Wuerttemberg-ch U18"]
[Site "Lindau"]
[Date "2002.04.04"]
[Round "5"]
[White "Sieker, Roland"]
[Black "Becker, Johannes"]
[Result "1-0"]
[WhiteElo "1788"]
[BlackElo "1651"]
[PlyCount "61"]
[EventDate "2002.04.??"]
[EventType "swiss"]
[EventRounds "7"]
[EventCountry "GER"]
[SourceTitle "EXT 2003"]
[Source "ChessBase"]
[SourceDate "2002.11.25"]
[SourceVersion "1"]
[SourceVersionDate "2002.11.25"]
[SourceQuality "1"]

1. e4 g6 2. Nf3 Bg7 3. c3 d6 4. d4 Nf6 5. Bd3 0-0 6. 0-0 Nbd7 7. h3 c5 8. Be3 b6 9. Nbd2 Bb7 10. Re1 Rc8 11. d5 Ne8 12. Rc1 Nc7 13. Nf1 b5 14. Qd2 Re8 15. b3 a6 16. N1h2 Nf6 17. Bh6 Bh8 18. Qg5 e6 19. c4 bxc4 20. bxc4 exd5 21. exd5 Qd7 22. Qh4 Rxe1+ 23. Rxe1 Re8 24. Rb1 Bc8 25. Bg5 Nh5 26. g4 Ng7 27. Bf6 h5 28. Ng5 Rf8 29. gxh5 Nxh5 30. Qxh5 gxh5 31. Bh7# 1-0